| Tag |
First Indicator |
Second Indicator |
Subfields |
| LEADER |
00000cam a2200000Ii 4500 |
| 001 |
in00004168613 |
| 008 |
190419t20192019enka 000 0 eng d |
| 005 |
20250318220012.6 |
| 020 |
|
|
|a 9781785512469
|
| 020 |
|
|
|a 1785512463
|
| 035 |
|
|
|a (OCoLC)on1097576024
|
| 035 |
|
|
|a (OCoLC)1097576024
|
| 040 |
|
|
|a YDX
|b eng
|e rda
|c YDX
|d BDX
|d ERASA
|d UKMGB
|d OCLCO
|d OCLCF
|d AVA
|d COO
|d ZCU
|d UAB
|
| 041 |
1 |
|
|a eng
|h spa
|
| 050 |
|
4 |
|a N3412.4
|b .A567 2019
|
| 050 |
|
4 |
|a N3412.4
|b .V54 2019
|
| 082 |
0 |
4 |
|a 700.411
|
| 100 |
1 |
|
|a Vidarte, Juan Ignacio,
|e author.
|
| 245 |
1 |
0 |
|a Guggenheim Museum Bilbao /
|c Juan Ignacio Vidarte.
|
| 264 |
|
1 |
|a London :
|b Scala Arts & Heritage Publishers Ltd.,
|c 2019.
|
| 264 |
|
4 |
|c ©2019
|
| 300 |
|
|
|a 80 pages :
|b illustrations (chiefly colour) ;
|c 19 cm.
|
| 336 |
|
|
|a text
|b txt
|2 rdacontent
|
| 336 |
|
|
|a still image
|b sti
|2 rdacontent
|
| 337 |
|
|
|a unmediated
|b n
|2 rdamedia
|
| 338 |
|
|
|a volume
|b nc
|2 rdacarrier
|
| 490 |
1 |
|
|a Director's choice
|
| 504 |
|
|
|a Includes bibliographical references and index.
|
| 520 |
8 |
|
|a "The Guggenheim Museum Bilbao opened in October 1997 as part of a large-scale urban renovation project, and since then its popularity has flourished. The museum's striking twentieth century building, designed by Frank Gehry, and its one million annual visitors have cemented Bilbao's presence on the international cultural scene. It is from here that the contemporary art collection developed. As a coherent set of more than 130 works, it exhibits some of the most significant creations of the period from the mid-twentieth century up to the modern day. This guide takes the reader on a tour of the remarkable collection through a selection of highlights, judiciously chosen by General Director Juan Ignacio Vidarte." -- Publisher's description.
|
| 546 |
|
|
|a Translated from the Spanish.
|
| 610 |
2 |
0 |
|a Museo Guggenheim Bilbao
|v Catalogs.
|
| 610 |
2 |
7 |
|a Museo Guggenheim Bilbao.
|2 fast
|0 (OCoLC)fst00703589
|
| 655 |
|
7 |
|a Catalogs.
|2 fast
|0 (OCoLC)fst01423692
|
| 830 |
|
0 |
|a Director's choice (London, England)
|
| 852 |
8 |
|
|b pda,print
|z This title is available for the library to purchase for your use. Click the "Purchase It For Me" button to place a request. This item may take 5-10 business days to arrive.
|
| 955 |
|
|
|a Print PDA title
|
| 961 |
|
|
|m 565730
|
| 999 |
f |
f |
|s 19813036-1ac7-4dea-97e8-01314f455136
|i cdf4fad1-b208-3514-80bc-4b5f305475f0
|t 0
|
| 952 |
f |
f |
|a Texas A&M University
|b College Station
|c Sterling C. Evans Library
|d Purchase on Demand
|t 0
|e N3412.4 .A567 2019
|h Library of Congress classification
|
| 998 |
f |
f |
|a N3412.4 .A567 2019
|t 0
|l Purchase on Demand
|